| 000 | 00785pam a2200265 a 4500 | ||
|---|---|---|---|
| 001 | 4888409 | ||
| 003 | OSt | ||
| 005 | 20250714114723.0 | ||
| 008 | 930507s1994 nyua 000 0 eng | ||
| 010 | _a 93024962 | ||
| 020 | _z9788130916002 | ||
| 020 | _z0393957330 | ||
| 040 |
_aDLC _cDLC _dDLC |
||
| 050 | 0 | 0 |
_aHB135 _b.S545 1994 |
| 082 | 0 | 0 |
_a330.0151 _bSIM/M |
| 100 | 1 |
_aSimon, Carl P., _d1945- _99396 |
|
| 245 | 1 | 0 |
_aMathematics for economists / _cCarl P. Simon and Lawrence Blume. |
| 250 | _a1st ed. | ||
| 260 |
_aNew York : _bNorton, _cc1994. |
||
| 300 |
_axxiv, 930 p. : _bill. _c25 cm. |
||
| 500 | _aIncludes index. | ||
| 650 | 0 | _aEconomics, Mathematical. | |
| 700 | 1 | _aBlume, Lawrence. | |
| 942 |
_2ddc _cBK _h330.0151 _iSIM/M _k330.0151 _mSIM/M |
||
| 999 |
_c42063 _d42063 |
||